মহব্বত আলীর একদিন /

Dades bibliogràfiques
Autor principal: ইকবাল, মুহম্মদ জাফর
Format: Llibre
Idioma:Bengali
Publicat: ঢাকা : বিদ্যা প্রকাশ, ২০১৯
Matèries:
Classic Catalogue: View this record in Classic Catalogue
LEADER 01056nam a22002537a 4500
001 34846
003 BD-DhAAL
005 20250806131555.0
008 190723t20102019bg ||||| |||| 00| 1 ben d
020 |a 984701380965 
040 |a BD-DhAAL  |d BD-DhAAL 
041 |a ben 
082 |a 891.44371  |2 23 
100 |a ইকবাল, মুহম্মদ জাফর  |9 33028 
245 |a মহব্বত আলীর একদিন /  |c মুহম্মদ জাফর ইকবাল. 
260 |a ঢাকা :  |b বিদ্যা প্রকাশ,  |c ২০১৯ 
300 |a ৮৭ পৃষ্ঠা ;  |c ২২ সে.মি. 
526 |a Residential Campus 
541 |a Development Book Agency   |e 34846 
650 |a Bengali fiction  |z Bangladesh.  |9 33029 
852 |a Savar Campus Library  |c General Stacks 
942 |2 ddc  |c BK 
999 |c 40929  |d 40929 
952 |0 0  |1 0  |2 ddc  |4 0  |6 891_443710000000000_IQB  |7 0  |9 65693  |a SCL  |b SCL  |c GEN  |d 2019-07-17  |e Development Book Agency  |g 102.00  |l 8  |m 6  |o 891.44371 IQB  |p 3020034846  |r 2025-09-09  |s 2025-09-01  |t 1  |v 102.00  |w 2019-07-17  |y BK